000 00538nam a2200193Ia 4500
005 20250508150509.0
008 008 250505s9999 xx 000 0 eng d
037 _aTextual
040 _aFEDL
_beng
_cFEDL
041 _aeng
_2eng
084 _a027.82, LAS
_qFEDL
100 _aLaski Harold J
245 0 _aLibrary in the modern state
260 _aLondon, UK
_bGeorge Allen and Unwin Ltd.
_c1948
300 _a215p
650 _aSchool libraries
_9756592
942 _cTEXL
_h027.82, LAS
999 _c1323911
_d1323911